[Event "Urals-ch 72nd"]
[Site "Tiumen"]
[Date "2014.03.25"]
[Round "6"]
[White "Soloviov, Vitalii"]
[Black "Khasanaev, Aleksandr"]
[Result "1/2-1/2"]
[WhiteElo "1878"]
[BlackElo "1809"]
[PlyCount "68"]
[EventDate "2014.03.20"]
[EventType "swiss"]
[EventRounds "9"]
[EventCountry "RUS"]
[SourceTitle "CBM 159 Extra"]
[Source "ChessBase"]
[SourceDate "2014.04.24"]
[SourceVersion "1"]
[SourceVersionDate "2014.04.24"]
[SourceQuality "1"]

1. d4 Nf6 2. Nf3 g6 3. c4 Bg7 4. Nc3 0-0 5. g3 d6 6. Bg2 Nbd7 7. 0-0 Rb8 8. h3 a6 9. a4 e5 10. Be3 exd4 11. Bxd4 c5 12. Be3 Nb6 13. b3 Qe7 14. a5 Nbd7 15. Ra2 Ne5 16. Kh2 Neg4+ 17. Kh1 Nxe3 18. fxe3 Nh5 19. Nd5 Nxg3+ 20. Kg1 Qe8 21. Rf2 Be6 22. Ng5 h6 23. Rf3 Nf5 24. Ne4 Bxd5 25. Qxd5 Qe5 26. Rd2 Qa1+ 27. Rd1 Qxa5 28. Rdf1 Nxe3 29. Rxe3 Bd4 30. Nf6+ Kg7 31. Nd7 Bxe3+ 32. Kh1 Qc7 33. Nxb8 Rxb8 34. Qd3 Bd4 1/2-1/2